[Event "Pula zt 1.2"]
[Site "Pula"]
[Date "2000.04.15"]
[Round "5"]
[White "Milov, Vadim"]
[Black "Gallagher, Joseph G"]
[Result "1-0"]
[WhiteElo "2653"]
[BlackElo "2558"]
[Annotator "Milov,V"]
[PlyCount "61"]
[EventDate "2000.04.11"]
[EventType "swiss"]
[EventRounds "11"]
[EventCountry "CRO"]
[SourceTitle "CBM 077"]
[Source "ChessBase"]
[SourceDate "2000.07.27"]
[SourceVersion "1"]
[SourceVersionDate "2000.07.27"]
[SourceQuality "1"]

1. d4 Nf6 2. c4 g6 3. Nc3 Bg7 4. e4 d6 5. Be2 O-O 6. Bg5 Na6 7. Nf3 h6 8. Be3
Ng4 9. Bc1 e5 10. O-O (10. h3 exd4 11. Nxd4 Nf6 12. O-O Nc5 13. Bf3 Re8 14. Re1
c6 15. Rb1 a5 16. Bf4 Nh7 $11 {Milov,V-Gabriel,C / Schweiz 1999}) 10... Qe8 11.
dxe5 dxe5 12. b3 Qe6 (12... f5 13. Ba3 Rf7 14. Bd3 $14) (12... Qe7 $5) 13. Ba3
c5 $6 (13... Re8 14. c5 Nf6 (14... c6 15. Nd2 $16) 15. Qc2 $14) 14. Nd5 Nf6 (
14... b6 15. Bb2 Bb7 16. a3 $36 {/\Qc2} (16. Qc2 Nb4)) 15. Qc2 b6 16. Bb2 Nd7
17. a3 Bb7 (17... Ndb8 {/\18...Nc6-d4} 18. b4 $16) 18. b4 Rfc8 (18... Rac8 19.
Qa4 $16) 19. Rfd1 Nc7 (19... Nab8 20. b5) 20. Qd2 $2 (20. Bc3 Qe8 21. Qb2 $14)
(20. Rd2 $14 Qe8 $140 21. Rad1 Ne6 $2 22. Ne7+) 20... Ne8 $2 (20... Qe8 21. Qe3
Ne6 $11 {/\22...Nd4}) 21. b5 Nef6 22. Qe3 Ne8 (22... a6 23. a4) 23. Rd2 $16 Nd6
(23... Nc7 24. Rad1 Nxd5 25. cxd5 Qd6 26. Rc2 $16) 24. Rad1 Bf8 25. h4 $1 Kh7 (
25... a6 $142 26. a4 (26. h5 axb5 27. cxb5 gxh5 $1 (27... Ra5 28. Nh2 gxh5 29.
Bxh5 Rxb5 30. Bg4 f5 31. exf5 Qf7 32. Qe2 $16) (27... Ra4 $5 28. Nc3 Rd4) 28.
Nh2 (28. Nxe5 Nxe5 29. Qg3+ Bg7 30. Nf4 Nxe4 $1 31. Qxg7+ Kxg7 32. Nxe6+ Kg6
$17) 28... Ra4 29. Bxh5 Rxe4 (29... Nxe4 30. Ne7+ Bxe7 31. Rxd7 $16) 30. Qg3+
Kh7 31. Bf3 Rd4 32. Bxd4 cxd4 $15) 26... axb5 27. axb5 Ra4 (27... Ra2 28. Nc3
Ra7 29. Rxd6 Bxd6 30. Qd2) 28. Qb3 Ra7 29. Qc2 $16) 26. h5 a6 (26... gxh5 27.
Qc3 $5 a6 (27... Nxe4 28. Qc2 f5 29. Nf4 $18) (27... Bg7 28. Nf4) (27... f6 28.
Nh2 a6 29. Bxh5 axb5 (29... Nxe4 30. Qc2 f5 31. Nf4) 30. Bg4 f5 31. Nf4 Qf6 32.
Rxd6 Bxd6 33. Bxf5+ $18) 28. Nf4 Qf6 (28... Qg4 29. Nxe5) 29. Nxh5 Qe6 30. Rxd6
Bxd6 31. Qd3 $18) 27. hxg6+ fxg6 28. Nh2 h5 (28... axb5 29. Bg4 Qf7 30. Bxd7
Nxc4 31. Qe2 Rd8 32. Rd3 $18) 29. f4 $1 $18 (29. Nf3 Nf7 $14 (29... Bh6 30.
Ng5+ (30. Nf4 exf4 31. Rxd6 $18) 30... Bxg5 31. Qxg5 Nf7 (31... Nxe4 32. Nf4
$18) 32. Nf4 Qf6 33. Qxg6+ Qxg6 34. Nxg6 Kxg6 35. Rxd7 Bxe4 36. f3 Bf5 37. Rb7
$18)) 29... exf4 (29... axb5 30. fxe5 (30. Nf3 Nf7) 30... Bh6 (30... Nxe5 31.
Bxe5 Qxe5 32. Nf3 $18) 31. Nf4 Qf7 32. g3 $18) (29... Bh6 30. Nc7 (30. Nf3 Nf7)
30... Rxc7 31. Rxd6 Qf7 (31... Qe7 32. Qh3) 32. Qh3 Nf8 33. Bxe5 Bxf4 34. Bxh5
$1 gxh5 35. Rf6 $18) (29... Nf7 30. f5 gxf5 31. exf5 Qh6 32. Qh3 Bxd5 33. Rxd5
Nf6 34. Bc1 Ng5 35. Qh4 Nxd5 36. Bxg5 Be7 37. Bxe7 $18) 30. Nxf4 Qxe4 31. Qc3
1-0

[Event "FIDE-Wch k.o."]
[Site "Tripoli"]
[Date "2004.06.22"]
[Round "2.3"]
[White "Lputian, Smbat G"]
[Black "Mamedyarov, Shakhriyar"]
[Result "1/2-1/2"]
[WhiteElo "2634"]
[BlackElo "2657"]
[Annotator "Avrukh,B"]
[PlyCount "76"]
[EventDate "2004.06.19"]
[EventType "k.o."]
[EventRounds "7"]
[EventCountry "LBY"]
[SourceTitle "CBM 102"]
[Source "ChessBase"]
[SourceDate "2004.09.23"]
[SourceVersion "1"]
[SourceVersionDate "2004.09.23"]
[SourceQuality "1"]

1. d4 Nf6 2. c4 g6 3. Nc3 Bg7 4. e4 d6 5. Nf3 O-O 6. Be2 Bg4 7. Be3 Nfd7 8. Ng1
(8. Rc1 $142 {currently the most popular continuation}) 8... Bxe2 9. Ngxe2 e5 (
9... c5 {Black's another option.}) 10. d5 f5 11. f3 Bh6 $1 {Very important
resource. Black activates his dark-squared bishops, getting a very good game.}
12. Bf2 (12. Bxh6 $143 Qh4+ 13. Ng3 Qxh6 14. exf5 gxf5 15. O-O Na6 {and Black
has no problems.}) 12... Nf6 13. Qd3 $146 {Trying to improve on white's play.}
(13. exf5 gxf5 14. Ng3 Ne8 15. O-O Nd7 16. Qc2 Qg5 $11 {0-1 Ostenstad,
B-Poulsen,A/Copenhagen 1986/EXT 97 (35)}) (13. O-O $5) 13... fxe4 $1 {Exactly
the right moment to release the central pressure. Using the fact, that White
cannot recapture with the pawn, Black achieves a good game.} 14. Nxe4 (14. fxe4
$143 $2 Ng4 {[%csl Gf2]} 15. Bg1 (15. O-O Rxf2 16. Rxf2 Be3 17. Nd1 Qh4 $19)
15... Na6 {[%cal Ga6b4,Ga6c5] with very dangerous initiative.}) 14... Nxe4 15.
fxe4 Qg5 16. O-O Nd7 17. Nc3 Nf6 $11 {The position still remains very
complicated, but we can see, that black solved his opening problems and
obtained a very good game and it's actually white, who has to be accurate.} (
17... Qd2 18. Qxd2 (18. Qh3 $2 Rxf2 19. Rxf2 Be3 $36) 18... Bxd2 19. Nb5 Rfc8
20. Rad1 (20. Nxa7 $2 Rxa7 21. Bxa7 b6 $15 {[%csl Ra7][%cal Gc8a8]}) 20... Ba5
21. Rb1 {[%cal Gb2b4]} a6 22. Na3 {[%cal Gb2b4]} Bb6 $11) 18. Kh1 $2 {A
serious mistake, allowing Black's knight to penetrate to f4 via h5-square.} (
18. h3 $142 $1 {[%csl Gg4]} Nh5 (18... Rf7 {[%cal Ga8f8]} 19. c5) (18... Qd2
19. Rfd1 $1) 19. Ne2 {[%csl Gf4]} Nf4 (19... Rf7 20. c5 Raf8 $140 $2 21. cxd6
cxd6 22. Bxa7 $1) 20. Nxf4 exf4 21. Bd4 Bg7 $11 {[%csl Ge5]}) 18... Qd2 $1 19.
Qh3 $8 Nh5 {[%csl Gf2]} 20. Bg1 Nf4 21. Qg3 Qxb2 ({An interesting alternative
was:} 21... Ne2 $5 22. Qh3 (22. Nxe2 Qxe2 23. Rxf8+ Rxf8 24. Qh3 Qxb2 $17)
22... Qxb2 (22... Nxg1 23. Rxg1 Rf7 $15 {[%cal Ga8f8]}) 23. Nxe2 (23. Qxh6 Qxc3
) 23... Qxe2 $17) 22. Rab1 (22. Rfb1 {doesn't change the assesment of the
position.} Qc2 23. Rxb7 Nd3 $1 {[%csl Gc3]} 24. Rd1 Nf2+ 25. Bxf2 Rxf2 26. Rg1
Raf8 $17 {[%cal Gf2f1]}) 22... Qa3 $2 ({Black missed a very strong} 22... Qd2
$1 23. Rfd1 (23. Rxb7 Nh5 24. Rxf8+ Rxf8 25. Qh3 Nf4 26. Qg3 Nd3 $19 {[%csl
Gc3][%cal Gf8f1]}) (23. Rf2 $140 $2 Nh5 $1) 23... Ne2 $1 24. Nxe2 Qxe2 $17) 23.
Rxb7 Rf7 24. Rfb1 Kg7 (24... Qa6 {[%csl Gc4]} 25. R1b4 $1) 25. R7b4 (25. c5
dxc5 (25... Raf8 26. Nb5 Qxa2 27. Nxc7) 26. R1b5) (25. Nb5 Qxa2 26. Nxc7 Rc8
27. Ne6+ Kg8 $132) 25... Qa6 {Obviously white tries to activate his queen via
c8-square.} 26. Qg4 $1 {[%csl Gc8]} (26. Ra4 $143 Qc8 27. Rxa7 Rxa7 28. Bxa7
Qa6 $132 {[%csl Ga7,Gc4]}) 26... Qa5 {[%cal Gf4d3]} (26... Qc8 $140 27. Qxc8
Rxc8 28. Bxa7 $18) 27. Qg3 (27. Qd1 $1 Raf8 (27... Qa6 28. Ra4 Qc8 29. Bxa7 $16
) 28. R1b3 $1 {[%cal Gb4a4]} (28. Qa4 Qxa4 29. Rxa4 Nd3 30. g3 Bd2) 28... Qa6
29. Ra4 Qc8 30. Rxa7 Nh5 31. Rbb7 $16) 27... Qa6 28. Ra4 $2 (28. Qg4 $142 Qa5
29. Qd1 $1 {see notes to 27th move.}) 28... Qc8 29. c5 (29. Rxa7 $143 Rxa7 30.
Bxa7 Qa6 31. Be3 Qxc4 $132) 29... Rb8 $1 $132 30. Rb3 (30. Rxb8 Qxb8 31. c6 Qb2
32. Rxa7 Nh5 33. Qh3 Nf4 34. Qf3 Nh5 $11) 30... Rxb3 31. axb3 Nh5 32. Qe1 a6
33. c6 $6 (33. Qe2 $142 $1 {[%csl Ga6,Gg4]} dxc5 (33... Nf4 34. Qxa6 Qg4 35.
Ra2 Nh5 (35... Nh3 36. Qe2 Qxe2 37. Rxe2 Nxg1 38. Kxg1 dxc5 39. Na4 $16) 36.
Qe2 Qh4 37. Bf2 Qg5 38. Rc2 {[%csl Gc1]} Nf4 39. Qf1 $16) 34. Bxc5 Nf4 35. Qd1
$14 (35. Qxa6 $2 Qxa6 36. Rxa6 Nd3 {[%cal Gf7f1]} 37. Bg1 Rf1 $17)) 33... Qg4
$1 {Just in time!Black's queen comes into the play with great effect. The
position is balanced.} 34. Ra1 ({Nicely loses} 34. Rxa6 $2 Bd2 $3 35. Qe2 (35.
Qxd2 $140 Ng3+ 36. hxg3 Qh5+ 37. Bh2 Rf1#) 35... Qh4 $19) 34... Bf4 {[%cal
Gh5g3]} 35. Ne2 Bg5 36. Nc3 ({White cannot play for a win :} 36. Ng3 Nf4 $1 (
36... Nxg3+ 37. Qxg3 Qxg3 38. hxg3 $16 {[%csl Ga6]}) (36... Nf6 37. Rxa6 Bh4 (
37... h5 38. h3 Qf4 39. Ra4 Bh4 40. Bf2) 38. Ra4 $14) 37. h3 (37. Rxa6 $140 h5
{[%cal Gh5h4]} (37... Nxg2 38. Qe2 $1) 38. h3 Nxh3 39. gxh3 Qxh3+ 40. Bh2 h4
41. Ra1 $8 hxg3 42. Qxg3 Qh5) 37... Nxh3 38. gxh3 Qxh3+ 39. Bh2 Rf3 40. Qg1 Bf4
41. Nf1 Qh4 $40) 36... Bf4 ({Black decides to repeat the moves, since after} 
36... Nf4 {[%cal Gf4d3]} 37. Qd2 $1 {it's not so clear how to continue the
offensive.} (37. Qg3 Qxg3 38. hxg3 Nh5 39. Kh2 Bd2 $1) 37... Nh3 $140 38. Qd1
$1) 37. Ne2 Bg5 38. Nc3 Bf4 1/2-1/2

[Event "Olympiad-36"]
[Site "Mallorca"]
[Date "2004.10.26"]
[Round "11"]
[White "Avrukh, Boris"]
[Black "Guseinov, Gadir"]
[Result "1-0"]
[WhiteElo "2614"]
[BlackElo "2552"]
[Annotator "Avrukh,B"]
[PlyCount "41"]
[EventDate "2004.10.15"]
[EventType "team-swiss"]
[EventRounds "14"]
[EventCountry "ESP"]
[SourceTitle "CBM 104"]
[Source "ChessBase"]
[SourceDate "2005.01.27"]
[SourceVersion "1"]
[SourceVersionDate "2005.01.27"]
[SourceQuality "1"]
[WhiteTeam "Israel"]
[BlackTeam "Azerbaijan"]
[WhiteTeamCountry "ISR"]
[BlackTeamCountry "AZE"]

1. d4 {Ramirez} Nf6 2. c4 g6 3. Nc3 Bg7 4. e4 d6 5. Nf3 O-O 6. Be2 Bg4 {
'?!' Ramirez. Recently a very popular alternative to the main line. Ramirez:
'An irregular Kings Indian, which has never really gotten a good reputation.
This game shows why...'} 7. Be3 Nfd7 8. d5 $5 {I found this rare continuation
very interesting during my preparation before the present game. I didn't like
the positions after 8 Rc1, which seems to me the most popular reply nowadays.}
({Normally White chooses} 8. Rc1) ({or} 8. Ng1) (8. Qb3 {Ramirez: Zvjaginsev's
move, which gurantees white a small edge.} Bxf3 9. Bxf3 Nc6 10. Rd1 e5 11. dxe5
Ncxe5 12. Be2 $14 {Atalik, Suat - Kozul, Zdenko EU Ch 4th Istanbul 2003 0-1 
(52) [Atalik]}) 8... c5 {'?!' Ramirez. Ramirez: 'Aiming for a benoni type set
up, but black is too far behind in development to allow himself such luxuries.
Probably better was a5'} (8... Na6 $142 9. Nd4 Bxe2 10. Qxe2 Nac5 {with
complicated play.}) (8... a5 {Ramirez} 9. O-O Nc5 $14 {with an edge to white})
9. O-O Na6 {I was quite satisfied with the opening results, since I managed to
get a pleasant position, without wasting a tempo on Rc1.} (9... b5 10. cxb5 (
10. Nxb5 $143 Bxb2 11. Rb1 Bg7 $11) 10... a6 11. bxa6 Nxa6 12. Nd2 $14) 10. Ng5
$1 $146 {[%mdl 8] In my opinion a very strong novelty and I am really very
proud of the fact, that I had found it over the board. White doesn't waste a
tempo for 10 h3 and immediately starts concrete play connected with move f4. 
Ramirez: 'An important move, white wants to trade of black's light squared
bishop for his own, thereby eliminating his "worse" piece.'} ({After the
logical} 10. h3 Bxf3 11. Bxf3 Nc7 12. a4 a6 13. Be2 {Black has a very
interesting possibility to sacrifice a pawn:} e5 14. dxe6 Nxe6 15. Qxd6 Nd4 $44
) (10. Nd2 Bxe2 11. Qxe2 Nc7 12. f4 e6 13. a4 Re8 14. Kh1 a6 15. Qf3 exd5 16.
exd5 Qe7 17. Rae1 f5 $11 {1/2-1/2 Santa Torres,L-Stull,N/Novi Sad 1990/TD (54)}
) 10... Bxe2 11. Qxe2 Nc7 ({Later on Black has tried succesfully to improve
his game} 11... h6 $142 {Ramirez: 'was necessary'} 12. Nh3 {'!?' Ramirez.
Ramirez: '/\f4'} (12. Nf3 {Ramirez} Nc7 13. Rfe1 $14) 12... Nc7 13. f4 e6 14.
dxe6 Nxe6 15. f5 Nd4 16. Bxd4 Bxd4+ 17. Kh1 Bxc3 18. bxc3 g5 $13 {1/2-1/2
Golod,V-Kurnosov,I/Bad Wiessee GER 2004/The Week in Chess 522 (33)}) 12. f4 {
Ramirez: 'Now the central pawns will form a steam roller... and they aren't
even in any hurry! White can calmly bring his rooks to the center before
engaging in e5 or f5 breaks.'} b5 $6 ({Still better was} 12... e6 $142 {
during the game I intented to continue with} 13. Qd3 (13. dxe6 fxe6 $1 (13...
Nxe6 14. Nxe6 fxe6 15. Rad1) 14. Rad1 Qe7 15. Qd3 Nb6 {and Black is ok}) 13...
exd5 14. cxd5 b5 15. e5 dxe5 16. f5 $36) 13. cxb5 a6 14. bxa6 {Ramirez: 'One
could argue that this was black's idea (it probably was). But this is an
aweful benko for black. Yermolinsky rightly points out that it is not so much
the queen side pressure, but the extra tempos that black has to organize such
a pressure which constitute the real compensation for the pawn in a normal
Benko Gambit. Here white is already castled, and has his central pawns going
forward. Black cannot even dream about having compensation, and must watch out
not to get crushed in a few moves.'} Qc8 (14... Rxa6 15. f5 $5 {and I don't
believe Black can get a serious play for the pawn, since soon he will face a
serious defensive task on the kingside.}) 15. e5 $1 {Ramirez: 'Since you are a
pawn up, you can just sac it without being afraid of anything'} dxe5 16. f5 $16
{Ramirez: 'Typical benoni break'} Nf6 (16... Qxa6 17. Qf3 Nf6 $2 18. Bxc5) 17.
fxg6 hxg6 18. Qc4 $1 {[%cal Gc4h4] An excellent multi-purpose move, White
defends his d5-pawn at the same time attacking Black's c-pawn and intending to
transfer his queen to h4, with mating threats.} Nxa6 $2 (18... Qxa6 19. Qh4 $40
) (18... Rxa6 $142 19. Bxc5 $16) 19. d6 $1 $18 {The decisive tactical blow,
which immediately decides the game. Ramirez: 'Spelling the end for black'} Qg4
(19... exd6 {loses on the spot} 20. Nd5 Nxd5 21. Qh4 {[%cal Gh4h7]}) 20. Nce4
$1 Nxe4 (20... Qd7 21. dxe7 (21. Rad1 $5 $18) 21... Qxe7 22. Nxf6+ Bxf6 23. Qh4
Bxg5 (23... Rfd8 24. Qh7+ Kf8 25. Rxf6 Qxf6 26. Rf1 $18) 24. Bxg5 $18 {[%cal
Gg5f6]}) 21. dxe7 {Ramirez: 'The weakness on f7 tells, black loses a huge
amount of material. A bad loss for Gadir, who in the rest of the tournament
played quite brilliantly.'} ({and here Black resighned due to the following
line:} 21. dxe7 Nf6 22. exf8=Q+ Rxf8 23. Qxa6) 1-0

[Event "Moscow Aeroflot op-A"]
[Site "Moscow"]
[Date "2005.02.18"]
[Round "4"]
[White "Smirnov, Pavel"]
[Black "Guseinov, Gadir"]
[Result "1-0"]
[WhiteElo "2645"]
[BlackElo "2574"]
[Annotator "Avrukh,B"]
[PlyCount "119"]
[EventDate "2005.02.15"]
[EventType "swiss"]
[EventRounds "9"]
[EventCountry "RUS"]
[SourceTitle "CBM 106"]
[Source "ChessBase"]
[SourceDate "2005.06.06"]
[SourceVersion "1"]
[SourceVersionDate "2005.06.06"]
[SourceQuality "1"]

1. d4 Nf6 2. c4 g6 3. Nc3 Bg7 4. e4 d6 5. Be2 O-O 6. Nf3 Bg4 {The pet
variation of Gadir.} 7. Be3 Nfd7 8. d5 $5 {Recently this old continuation
starts to be a very popular one. It seems to me that Black faces a serious
task here and even Gadir is struggling here.} Na6 9. Nd4 {The key idea, White
temporary prevents both c5 and e5 advances.} Bxe2 10. Qxe2 Nac5 11. b4 $1 $146
{[%mdl 8] It's hard to believe but this logical move is a novelty and by the
way a very strong one, which clearly improves on White's play.} ({Previously
has been tried} 11. h4 Nf6 (11... h5 $142) 12. f3 Qd7 13. g4 h5 14. g5 Nh7 15.
O-O-O $16 {1-0 Hort,V-Hug,W/La Valetta 1980/EXT 2000 (44)}) (11. O-O Nb6 12.
Rac1 a5 13. b3 e5 14. dxe6 fxe6 15. Rfd1 Qe7 16. Ndb5 $14 {1/2-1/2 Franco
Ocampos,Z-Morovic Fernandez,I/Moron 1982/EXT 2002 (57)}) 11... e5 (11... Na6
$143 12. a3 $16) 12. Nc2 Na6 13. O-O {Now the situation is clarified, White
has got a clear edge out of the opening. The exchange of the light-squared
bishops together with the akwardly placed N on a6 make White's play much
easier.} f5 14. f3 Nf6 $6 {Removing the control from c5-square allows White
immediately to proceed on the Q-side.} (14... Qe7 $142 {would have been better,
keeping the c5-square under control.}) 15. c5 $16 f4 16. Bf2 Nb8 {A very
unpleasant 17 c6 has been threatened .} 17. a4 ({The immediate} 17. c6 {
[%csl Gb8] was worth of consideration, but later on White will manage to
achieve a similar position.}) 17... Rf7 18. Na3 {[%cal Ga3c4]} Bf8 19. Nc4 g5
20. b5 $1 {White chooses the best way for developing his initiative.} ({
less clear is} 20. cxd6 Bxd6 $1) 20... b6 ({It's not much fun either} 20...
Nbd7 21. c6 bxc6 22. dxc6 Nb6 23. Nd2 $18 {[%cal Ga4a5]}) 21. c6 $18 {[%csl
Ga8,Gb8] It goes without saying, that White has got an absolutely winning
position.} a5 {Otherwise 22 a5 will crush through.} 22. bxa6 $6 {I don't like
this decision, certainly White gets a clear play on the queenside, this lets
Black back in the game. I would definitely prefer to keep the queenside closed
and to open play on the other side. Obviously Black would have no chances
playing without knight (b8) and rook (a8).} Nxa6 (22... Rxa6 $143 23. a5 bxa5
24. Rfb1 {[%cal Oc4a5,Ge2b2]} Ra8 25. Rxa5 $18) 23. a5 b5 $1 {The only chance
to stay alive, opening of the a-file would be certainly a sucide decision.} 24.
Nxb5 Rg7 {[%cal Gg5g4] It seems like Black has manged to consolidate his
position on the queenside and is ready to start his own play with g5-g4.} {
With this very nice blow, White easily seizes a decisive advantage.} 25. Nb6 $1
Rb8 (25... cxb6 26. axb6 $18 {[%cal Gb6b7] is absolutely hopeless for Black.})
26. Nc3 $18 {[%csl Ga6]} g4 {Obviously Black is lost, so by his last move he
tries somehow to complicate matters.} (26... Nb4 27. Rfb1 $18) 27. Bh4 $1 ({
Certainly it would be unwise to go for complications} 27. Qxa6 $2 gxf3 28. g3
Nh5 $1 $132) 27... cxb6 28. Qxa6 gxf3 29. Rxf3 bxa5 30. Nb5 $1 {[%cal Cb8a8,
Ca8a6,Gc6c7] This even stronger than :} (30. Qxa5 $18) 30... Rb6 (30... Ra8 {
loses on the spot} 31. Bxf6 Qb8 32. Qxa8 Qxa8 33. Bxg7 Kxg7 34. c7) 31. Qxa5 (
31. Bxf6 Qb8) 31... Qb8 32. Qa8 $2 ({Missing a very easy win after} 32. c7 $142
$1 Rxc7 33. Nxc7 Qxc7 34. Bxf6 Rb1+ 35. Rf1 Rxf1+ 36. Kxf1 Qc4+ 37. Kg1 Qd4+
38. Kh1) 32... Nxd5 $1 {The move Smirnov had certainly overlooked.} 33. Qxb8
Rxb8 34. exd5 Rxb5 35. Rc3 $16 {Fortunately White still keeps a clear
advantage by his strong c6-pawn.} Rb8 36. Bf2 (36. Rc4 $143 Be7 37. Bf2 Bd8)
36... e4 37. Bd4 Rf7 (37... Rg5 $143 $2 {[%csl Gd5]} 38. c7 Rc8 39. Rb1 Rxd5
40. Rb8 Rxc7 41. Rxc7 Rxd4 42. Rcc8 $18 {wins}) 38. Rc4 (38. Re1 e3 39. g3 Bg7
40. Bxg7 f3 $132) 38... e3 39. Kf1 Bg7 40. Rac1 Bxd4 41. Rxd4 Kg7 42. Re4 Rf5
43. Re7+ Rf7 44. Rxf7+ Kxf7 45. Rc4 $1 {[%csl Gf4]} (45. Ke2 Kf6 {[%cal Gf6e5]}
) 45... Kf6 46. c7 Rc8 47. Rxf4+ Ke5 48. Rf7 h6 49. g4 Kxd5 50. Re7 $2 {
Losing a very important tempo} ({The correct decision would be} 50. Ke2 $142
Ke4 51. Re7+ Kf4 52. Kd3 Kxg4 53. Kxe3 Kf5 54. Kd4 Kf6 55. Rh7 Ke6 56. Kc4 $18
{[%cal Gc4b5]}) 50... Kc6 51. h4 d5 $1 $11 (51... Kb7 52. Rd7 Rf8+ 53. Ke2 Rf4
54. Rg7 $18) (51... Rxc7 $140 $2 52. Rxc7+ Kxc7 53. g5 hxg5 54. h5 $18) 52. g5
hxg5 53. hxg5 Kd6 54. Rf7 d4 55. g6 (55. Ke2 Re8 $1 56. g6 d3+ 57. Kxd3 e2 58.
c8=Q Rxc8 59. Kxe2 Ke6 $11) 55... d3 ({Even stronger was} 55... Re8 56. Ke2 d3+
{- 55 Ke2; with an easy draw.}) 56. g7 e2+ 57. Kf2 Re8 58. c8=N+ Rxc8 59. Rf8
Rc1 60. Rd8+ {It's hard to understand what exactly happened at this moment,
either Black lost on time or he simply didn't find the drawish line.} (60. Rd8+
{After the correct} Kc7 61. Rc8+ Kxc8 62. g8=Q+ Kb7 63. Qg7+ Kc8 64. Qg4+ Kb7
65. Qb4+ Kc8 $11 {White can't make any progress.}) 1-0